Svydnyčany v Ubli /Svidničania v Uble./

Bibliographic Details
Main Author: Fecyškanyn, J. (Author)
Format: Article
Language:Ukrainian
Subjects:

MARC

LEADER 00000nab a2200000 a 4500
001 vtls000133044
003 SK-MaSNL
005 20260303032348.0
008 111104c1982 xo 0 ukr
015 |a SNBRB19rr/mm-uuuuu 
035 |a CL0143150 
040 |a SNKBUCL  |b slo  |c SNKBUCL  |e AACR2 
041 0 |a ukr 
044 |a xo  |c SK 
080 |a 793.3  |2 1981 
100 1 |a Fecyškanyn, J.  |4 aut  |9 921474 
245 1 0 |a Svydnyčany v Ubli  |b /Svidničania v Uble./  |c J. Fecyškanyn 
650 0 7 |a festivaly folklórne  |2 snkbucl  |9 873339 
650 0 7 |a folklórne súbory  |2 snkbucl  |9 28685 
651 7 |a 5402  |2 snkbucl  |9 366935 
655 7 |a články z novín a časopisov  |2 snkbucl  |9 267496 
773 0 |t Nove žyttja  |g Roč. 32, č. 27 (9. 7. 1982), s. 1-2 
850 |a Slovenská národná knižnica v Martine  |a MTA001 
852 |a SNK  |b KIS3GCP 
958 |a RK 
992 |a RBX 
999 |c 1663949  |d 1665879